Traffic and highway engineering : (Record no. 10132)

MARC details
000 -LEADER
fixed length control field 00825nam a22002895i 4500
001 - CONTROL NUMBER
control field 20734990
003 - CONTROL NUMBER IDENTIFIER
control field OSt
005 - DATE AND TIME OF LATEST TRANSACTION
control field 20211006160458.0
008 - FIXED-LENGTH DATA ELEMENTS--GENERAL INFORMATION
fixed length control field 181107s2018 mau 000 0 eng
010 ## - LIBRARY OF CONGRESS CONTROL NUMBER
LC control number 2018963601
020 ## - INTERNATIONAL STANDARD BOOK NUMBER
International Standard Book Number 9780495438533
040 ## - CATALOGING SOURCE
Original cataloging agency DLC
Language of cataloging HU
Description conventions rda
Transcribing agency DLC
042 ## - AUTHENTICATION CODE
Authentication code pcc
082 ## - DEWEY DECIMAL CLASSIFICATION NUMBER
Classification number 625.7
100 1# - MAIN ENTRY--PERSONAL NAME
Personal name Garber, Nicholas J.
9 (RLIN) 10964
245 10 - TITLE STATEMENT
Title Traffic and highway engineering :
Remainder of title enhanced fifth edition /
Statement of responsibility, etc. Nicholas J. Garber, Lester A. Hoel.
250 ## - EDITION STATEMENT
Edition statement Si version edition.
263 ## - PROJECTED PUBLICATION DATE
Projected publication date 1812
264 #1 - PRODUCTION, PUBLICATION, DISTRIBUTION, MANUFACTURE, AND COPYRIGHT NOTICE
Place of production, publication, distribution, manufacture Boston, MA :
Name of producer, publisher, distributor, manufacturer Cengage,
Date of production, publication, distribution, manufacture, or copyright notice 2018.
300 ## - PHYSICAL DESCRIPTION
Extent 1229
336 ## - CONTENT TYPE
Content type term text
Content type code txt
Source rdacontent
337 ## - MEDIA TYPE
Media type term unmediated
Media type code n
Source rdamedia
338 ## - CARRIER TYPE
Carrier type term volume
Carrier type code nc
Source rdacarrier
906 ## - LOCAL DATA ELEMENT F, LDF (RLIN)
a 0
b ibc
c orignew
d 2
e epcn
f 20
g y-gencatlg
942 ## - ADDED ENTRY ELEMENTS (KOHA)
Source of classification or shelving scheme Dewey Decimal Classification
Koha item type Books like text book referance book
Suppress in OPAC No
Holdings
Withdrawn status Lost status Source of classification or shelving scheme Damaged status Not for loan Home library Current library Shelving location Date acquired Total Checkouts Full call number Barcode Date last seen Copy number Price effective from Koha item type
    Dewey Decimal Classification     Natural & Computational Science Library Natural & Computational Science Library General Stacks 10/06/2021   625.7/GAR NSCLIB000017228 10/06/2021 1 10/06/2021 Books like text book referance book